|
|
|
|
| LEADER |
00000cam a2200000 i 4500 |
| 001 |
1/90855 |
| 008 |
080711s1954 gre d |
| 035 |
|
|
|l 10098880
|
| 040 |
|
|
|a GR-MY-UA
|b gre
|e aacr
|
| 041 |
0 |
|
|a gre
|
| 082 |
0 |
|
|a 891.709004
|2 (22)
|
| 100 |
1 |
|
|a Odoevtseva, Irina,
|d 1895-1990.
|
| 245 |
1 |
0 |
|a Παράτα κάθε ελπίδα /
|c Irene Odoevzev
|
| 260 |
|
|
|a Αθήναι :
|b [χ.ό.],
|c 1954
|
| 300 |
|
|
|a 236 σ.;
|c 23 εκ.
|
| 650 |
0 |
0 |
|a Russian literature
|z 20th century.
|
| 852 |
|
|
|a INST
|b RHODES
|c AKA
|e 20080711
|h 891.709004 ODO
|p 005400027708
|q 005400027708
|t BK
|y 0
|
| 901 |
|
|
|a BIBL4-2008-2
|
| 909 |
|
|
|a Ρ
|b 150823
|
| 970 |
|
|
|a ΧΑΡΙΟΠΟΛΙΤΟΥ
|b ΚΩΝΣΤΑΝΤΙΝΑ
|z 2008/07/11
|